000 00337nam a2200133Ia 4500
005 20260328101523.0
008 260328s9999||||xx |||||||||||||| ||und||
100 _aRael, Ronald
245 0 _aEarth Architecture /
_cRonald Rael
260 _bPrinceton Architectural Press
300 _a208 p.
650 _aARQUITECTURA CIVIL
942 _cBK
999 _c9690
_d9690